000 00730nam a2200205 a 4500
001 000034814
005 20200930073924.0
008 111020s1953 ag 000 0 spa d
040 _aDO-SdBNP
_bspa
_cBNPHU
082 _axxxx
_bR763f, 1953
100 1 _aRomero, Francisco
_940242
245 1 0 _aFilosofía contemporánea :
_bestudios y notas /
_cFrancisco Romero.
250 _a3a ed.
260 _aBuenos Aires :
_bArtes Gráficas Bartolomé,
_c1953.
300 _a181 p. ;
_c20 cm.
490 1 _aBiblioteca Filosófica
504 _aIncluye referencias bibliográficas y notas al pie de las páginas
590 _aPerteneció a la biblioteca personal de Juan Isidro Jimenes Grullón
830 0 _aBiblioteca Filosófica
_960334
999 _c34305
_d34305